1374 1258 1661 1773 1499 2000 1565 1284 1553 1777 1555 1853 1099 1350 1139 1879 1392 1136 1409 1692 1072 1133 1720 1070 1163 1155 1689 1267 1815 1272 1208 1467 1286 1652 1512 1603 1034 1222 1155 1026 1140 1036 1190 1618 1921 1959 1039 1728 1029 1021 1724 1126 1361 1513 1641 1835 1721 1610 1174 1916 1116 1223 1299 1482 1331 1871 1128 1814 1345 1005 1866 1766 1711 1498 1603 1981 1287 1875 1155 1916 1861 1542 1784 1478 1683 1114 1323 1136 1256 1919 1048 1578 1102 1923 1809 1745 1626 1659 1643 BCNSPRNW ULIB Ver.6.0+V

เปลี่ยนเป็นภาษาไทย

Change to English
 แสดงรายละเอียดบรรณานุกรม
  กลับหน้าหลัก

Brief Record : Get Marc (ISO 2709) : E-mail record : QR code < ปิดหน้าต่าง
LEADER : 00000nam 2200000uu 4500
001    13399126153
003     ULIB
008    180613s2559||||th 000 0 tha d
020    ^a9786164135581
050  0 ^aPE1131 ถ221ค
100    ^aถาวร วิมาน
245    ^aคู่มือสนทนาภาษาอาเซียนสำหรับอาชีพเฉพาะทางเลือก หมวด ภาษาอังกฤษเพื่อการประกอบอาชีพนวดแผนไทย
260    ^aกรุงเทพฯ :^bรุ่งศิลป์การพิิมพ์,^c2559
300    ^a140 หน้า ;^c21 ซม.
650    ^aภาษาอังกฤษ -- บทสนทนาและวลี
945    ^p250^l0^i004247
945    ^p250^l0^i004248
945    ^p250^l0^i004249
945    ^p250^l0^i004250
945    ^p250^l0^i004251
999    ^aประนอม เกษจรัล
รายการนี้ยังไม่มีแท็ก
คุณยังไม่ได้ล็อกอิน คุณสามารถมีกิจกรรมร่วมกับเว็บไซต์ได้ แต่ต้องล็อกอินก่อน ::
  ล็อกอิน

รายการสื่อสารสนเทศ

ลำดับที่ ประเภท เลขเรียก/บาร์โค้ด สถานที่ สถานะ
1. วิทยาศาสตร์การแพทย์ และสุขภาพ
หนังสือสำรอง
สถานะ=หนังสือสำรอง
PE1131 ถ221ค ฉ.1 
  Barcode: 004247
ห้องสมุดวิทยาเขตนครสวรรค์
►นวนิยาย:l:Fiction
บนชั้น
2. วิทยาศาสตร์การแพทย์ และสุขภาพ
วิทยาศาสตร์การแพทย์ และสุขภาพ
PE1131 ถ221ค ฉ.2 
  Barcode: 004248
ห้องสมุดวิทยาเขตนครสวรรค์
►นวนิยาย:l:Fiction
บนชั้น
3. วิทยาศาสตร์การแพทย์ และสุขภาพ
วิทยาศาสตร์การแพทย์ และสุขภาพ
PE1131 ถ221ค ฉ.3 
  Barcode: 004249
ห้องสมุดวิทยาเขตนครสวรรค์
►นวนิยาย:l:Fiction
บนชั้น
4. วิทยาศาสตร์การแพทย์ และสุขภาพ
วิทยาศาสตร์การแพทย์ และสุขภาพ
PE1131 ถ221ค ฉ.4 
  Barcode: 004250
ห้องสมุดวิทยาเขตนครสวรรค์
►นวนิยาย:l:Fiction
บนชั้น
5. วิทยาศาสตร์การแพทย์ และสุขภาพ
วิทยาศาสตร์การแพทย์ และสุขภาพ
PE1131 ถ221ค ฉ.5 
  Barcode: 004251
ห้องสมุดวิทยาเขตนครสวรรค์
►นวนิยาย:l:Fiction
บนชั้น

รายการใกล้เคียง
    ชื่อเรื่อง [คู่มือสนทนาภาษาอาเซียนสำหรับอาชีพเฉพาะทางเลือก หมวด ภาษาอังกฤษเพื่อการประกอบอาชีพนวดแผนไทย]

    ผู้แต่ง [ถาวร วิมาน]

    หัวเรื่อง [ภาษาอังกฤษ -- บทสนทนาและวลี]

BibComment


ยังไม่เคยถูกคอมเมนท์

คอมเมนท์ทรัพยากรรายการนี้
  คอมเมนท์: คู่มือสนทนาภาษาอ..


 Copyright 2026. Bcnsprnw @Library